Armedia/ (Record no. 3243)
[ view plain ]
| 000 -LEADER | |
|---|---|
| campo de control de longitud fija | 01263nam a22003497a 4500 |
| 003 - IDENTIFICADOR DE NÚMERO DE CONTROL | |
| campo de control | OSt |
| 005 - FECHA Y HORA DE LA ÚLTIMA TRANSACCIÓN | |
| campo de control | 20230321115104.0 |
| 008 - DATOS DE LONGITUD FIJA--INFORMACIÓN GENERAL | |
| campo de control de longitud fija | 221006b |||||||| |||| 00| 0 eng d |
| 040 ## - FUENTE DE CATALOGACIÓN | |
| Centro/agencia transcriptor | Biblioteca Lado V |
| 082 ## - NÚMERO DE LA CLASIFICACIÓN DECIMAL DEWEY | |
| Número de clasificación | 700 |
| Número de ítem | C413a |
| 100 ## - ENTRADA PRINCIPAL--NOMBRE DE PERSONA | |
| 9 (RLIN) | 794 |
| Nombre de persona | Cerdas Diaz, Sayira |
| Término indicativo de función/relación | Directora Ejecutiva |
| 245 ## - MENCIÓN DEL TÍTULO | |
| Título | Armedia/ |
| Resto del título | Arte en Mesoamerica/ |
| 260 ## - PUBLICACIÓN, DISTRIBUCIÓN, ETC. | |
| Nombre del editor, distribuidor, etc. | La Exposicion Internacional de Arte Art Basel US |
| Fecha de publicación, distribución, etc. | 2004 |
| Lugar de publicación, distribución, etc. | U.S.A. |
| -- | Costa Rica |
| -- | Mexico |
| -- | Belice |
| -- | Guatemala |
| -- | Honduras |
| -- | El Salvador |
| -- | Nicaragua |
| -- | Panama |
| -- | Colombia |
| 300 ## - DESCRIPCIÓN FÍSICA | |
| Dimensiones | 21x30cm |
| Extensión | 74p. |
| 366 ## - INFORMACIÓN SOBRE DISPONIBILIDAD COMERCIAL | |
| Nota | eng |
| 490 ## - MENCIÓN DE SERIE | |
| Mención de serie | 02 |
| Designación de volumen o secuencia | 2004 |
| Número Internacional Normalizado para Publicaciones Seriadas | 1659 1348 |
| 505 ## - NOTA DE CONTENIDO CON FORMATO | |
| Título | En Bastidor | The Canvas |
| 505 ## - NOTA DE CONTENIDO CON FORMATO | |
| Título | El Artista y su estudio |
| 505 ## - NOTA DE CONTENIDO CON FORMATO | |
| Título | En Portada |
| 505 ## - NOTA DE CONTENIDO CON FORMATO | |
| Título | En Boceto |
| 505 ## - NOTA DE CONTENIDO CON FORMATO | |
| Título | Museos y Exposiciones |
| 505 ## - NOTA DE CONTENIDO CON FORMATO | |
| Título | Ventana al Mundo |
| 505 ## - NOTA DE CONTENIDO CON FORMATO | |
| Título | Nuevas Tendencias |
| 505 ## - NOTA DE CONTENIDO CON FORMATO | |
| Título | Personajes |
| 650 ## - PUNTO DE ACCESO ADICIONAL DE MATERIA--TÉRMINO DE MATERIA | |
| Fuente del encabezamiento o término | Tesauro de Arte & Arquitectura |
| Término de materia o nombre geográfico como elemento de entrada | ARTE |
| 9 (RLIN) | 703 |
| 650 ## - PUNTO DE ACCESO ADICIONAL DE MATERIA--TÉRMINO DE MATERIA | |
| Fuente del encabezamiento o término | Tesauro de Arte & Arquitectura |
| Término de materia o nombre geográfico como elemento de entrada | ARTE EN CENTROAMERICA |
| 650 ## - PUNTO DE ACCESO ADICIONAL DE MATERIA--TÉRMINO DE MATERIA | |
| Fuente del encabezamiento o término | Tesauro de Arte & Arquitectura |
| Término de materia o nombre geográfico como elemento de entrada | BIENAL |
| 650 ## - PUNTO DE ACCESO ADICIONAL DE MATERIA--TÉRMINO DE MATERIA | |
| Fuente del encabezamiento o término | Tesauro de Arte & Arquitectura |
| Término de materia o nombre geográfico como elemento de entrada | APRECIACION |
| 650 ## - PUNTO DE ACCESO ADICIONAL DE MATERIA--TÉRMINO DE MATERIA | |
| Fuente del encabezamiento o término | Tesauro de Arte & Arquitectura |
| Término de materia o nombre geográfico como elemento de entrada | TEORIA |
| 650 ## - PUNTO DE ACCESO ADICIONAL DE MATERIA--TÉRMINO DE MATERIA | |
| Fuente del encabezamiento o término | Tesauro de Arte & Arquitectura |
| Término de materia o nombre geográfico como elemento de entrada | CRITICA |
| 942 ## - ELEMENTOS DE ENTRADA SECUNDARIOS (KOHA) | |
| Fuente del sistema de clasificación o colocación | Clasificación Decimal Dewey |
| Tipo de ítem Koha | Libros |
| Parte de la signatura que corresponde a la clasificación (Parte de la clasificación) | 700 |
| Parte de la signatura que identifica el ejemplar (Parte del ítem) | C413a |
| Suprimir en OPAC | No |
| Estatus retirado | Estado de pérdida | Fuente del sistema de clasificación o colocación | Especificación de materiales (volumen encuadernado u otra parte) | Estado de daño | No para préstamo | Colección | Biblioteca de origen | Biblioteca actual | Fecha de adquisición | Enumeración/cronología de publicación seriada | Número de inventario | Total de préstamos | Signatura topográfica completa | Código de barras | Visto por última vez | Precio de reemplazo | Tipo de ítem Koha |
|---|---|---|---|---|---|---|---|---|---|---|---|---|---|---|---|---|---|
| Clasificación Decimal Dewey | 2004 | Revistas | Biblioteca LadoV | Biblioteca LadoV | 21/03/2023 | 02 | 002711 | 700 C413a | 002711 | 21/03/2023 | 21/03/2023 | Libros |
